Oceňovanie dlhodobých pohľadávok a záväzkov pre potreby ich verného a pravdivého vykázania v podmienkach Slovenskej republiky
Slovenská úprava oceňovania dlhodobých pohľadávok a záväzkov. Základné otázky súvisiace s určovaním a použitím súčasnej hodnoty ako oceňovacej veličiny zavedenej i pre potreby preceňovania dlhodobých pohľadávok a záväzkov. Súčasná hodnota - termín úrokového počtu a účtovný pojem. Úskalia súčasnej ho...
Saved in:
| Main Author: | |
|---|---|
| Format: | Book Chapter |
| Language: | Slovak |
| Subjects: | |
| Tags: |
No Tags, Be the first to tag this record!
|
MARC
| LEADER | 00000nla$a2200000$$$4500 | ||
|---|---|---|---|
| 001 | 0060340 | ||
| 005 | 20240502071651.6 | ||
| 041 | 0 | |a slo | |
| 044 | |a SK | ||
| 245 | 1 | 0 | |a Oceňovanie dlhodobých pohľadávok a záväzkov pre potreby ich verného a pravdivého vykázania v podmienkach Slovenskej republiky |c František Maděra |
| 520 | |a Slovenská úprava oceňovania dlhodobých pohľadávok a záväzkov. Základné otázky súvisiace s určovaním a použitím súčasnej hodnoty ako oceňovacej veličiny zavedenej i pre potreby preceňovania dlhodobých pohľadávok a záväzkov. Súčasná hodnota - termín úrokového počtu a účtovný pojem. Úskalia súčasnej hodnoty pri oceňovaní dlhodobých pohľadávok a záväzkov. | ||
| 610 | 2 | 0 | |a účtovníctvo |
| 610 | 2 | 0 | |a výkazy finančné |
| 610 | 2 | 0 | |a oceňovanie |
| 610 | 2 | 0 | |a pohľadávky |
| 610 | 2 | 0 | |a záväzky |
| 610 | 2 | 0 | |a hodnota |
| 610 | 2 | 0 | |a majetok |
| 100 | 1 | |a Maděra, František | |